| 000 | 00539cam a22002051 4500 | ||
|---|---|---|---|
| 001 | sa 65006612 | ||
| 003 | DLC | ||
| 005 | 20260227112143.0 | ||
| 008 | 880902s1961 io 000 0 ind | ||
| 010 | _asa 65006612 | ||
| 035 | _a(OCoLC)23562397 | ||
| 040 |
_aDLC _cMiU _dDLC |
||
| 042 | _apremarc | ||
| 050 | 0 | 0 |
_aHX402 _b.S42 |
| 100 | 1 | _aShahab, A. H. | |
| 245 | 1 | 0 | _aNasionalisme Indonesia & abad XX |
| 260 |
_a[Djakarta, _bJajasan Lembaga Penjelidikan Islam, _c1961?] |
||
| 300 |
_a32 p. _c20 cm. |
||
| 650 | 0 |
_aSocialism _zIndonesia |
|
| 999 |
_c64744 _d64744 |
||